000 00217nam a22000857a 4500
999 _c2794
_d2794
008 160816b xxu||||| |||| 00| 0 eng d
020 _a9780470646083
100 _9139
_aTortora G
245 _aAnatomy & Physiology
260 _aUK
_bJohn publication
_c2011